| 000 | 00799nam a2200217Ii 4500 | ||
|---|---|---|---|
| 003 | JO-AjNU | ||
| 008 | 230605s9999||||xx |||||||||||||| ||und|| | ||
| 020 | _a978-9957-98-197-6 | ||
| 040 |
_aJO-AjNU _bara _erda _cJO-AjNU |
||
| 041 | _aara | ||
| 050 | 1 | 4 | _aDP99.M87 2019 |
| 100 | 3 |
_aمصطفى، احمد محمد, _eauthor _960834 |
|
| 245 | 0 | 0 | _aتاريخ الاندلس |
| 250 | _aط1 | ||
| 264 | 3 | 1 | _aعمان: دار الاعصار العلمي للنشر والتوزيع، 2019 |
| 300 | _a369ص | ||
| 336 |
_atext _btxt _2rdacontent |
||
| 337 |
_aunmediated _bn _2rdamedia |
||
| 338 |
_avolume _bnc _2rdacarrier |
||
| 650 | 4 |
_aالعرب في اسبانيا - الحضارة الاسلامية - الاندلس - اسبانيا - تاريخ -711-1516- الاندلس - تاريخ _960835 |
|
| 999 |
_aA27461 _c31029 _d31029 |
||